Los estudios de plantas y animales de Alberto Durero / (Record no. 177451)

MARC details
000 -LEADER
campo de control de longitud fija 00806nam a2200241 i 4500
001 - NÚMERO DE CONTROL
campo de control 177451
003 - IDENTIFICADOR DE NÚMERO DE CONTROL
campo de control ES-MaACL
005 - FECHA Y HORA DE LA ÚLTIMA TRANSACCIÓN
campo de control 20250623142537.0
007 - CAMPO FIJO DE DESCRIPCIÓN FÍSICA--INFORMACIÓN GENERAL
campo de control de longitud fija t|
008 - DATOS DE LONGITUD FIJA--INFORMACIÓN GENERAL
campo de control de longitud fija 110324q1943 sp af ||||1| spa d
080 ## - NÚMERO DE LA CLASIFICACIÓN DECIMAL UNIVERSAL
Número de la Clasificación Decimal Universal 75 Durero
100 1# - ENTRADA PRINCIPAL--NOMBRE DE PERSONA
Nombre de persona Pérez-Dolz, Francisco.
9 (RLIN) 90836
245 14 - MENCIÓN DEL TÍTULO
Título Los estudios de plantas y animales de Alberto Durero /
Mención de responsabilidad, etc. texto explicativo por F. Pérez-Dolz y M. Gutiérrez-Marín.
260 ## - PUBLICACIÓN, DISTRIBUCIÓN, ETC.
Lugar de publicación, distribución, etc. Barcelona :
Nombre del editor, distribuidor, etc. Orbis,
Fecha de publicación, distribución, etc. 1943.
300 ## - DESCRIPCIÓN FÍSICA
Extensión 24 p. , 10 h. de lám. col. ;
Dimensiones 26 cm.
490 1# - MENCIÓN DE SERIE
Mención de serie Monografías de arte ;
Designación de volumen o secuencia 7
500 ## - NOTA GENERAL
Nota general Índice.
600 14 - PUNTO DE ACCESO ADICIONAL DE MATERIA--NOMBRE DE PERSONA
Nombre de persona Dürer, Albrecht,
Fechas asociadas al nombre 1471-1528
9 (RLIN) 240966
700 0# - ENTRADA AGREGADA--NOMBRE PERSONAL
Nombre de persona Gutiérrez Marín, Manuel.
9 (RLIN) 61180
830 0# - PUNTO DE ACCESO ADICIONAL DE SERIE-TÍTULO UNIFORME
Título uniforme Monografías de arte ;
Designación de volumen o secuencia 7
9 (RLIN) 179845
852 ## - LOCALIZACIÓN
Ubicación ES-MaACL
Número de control de estantería E-14707
Encuadernación Olim P-334-bis
Holdings
Estatus retirado Estado de pérdida Estado de daño No para préstamo Biblioteca de origen Biblioteca actual Ubicación en estantería Fecha de adquisición Fuente de adquisición Total de préstamos Signatura topográfica completa Código de barras Visto por última vez Precio de reemplazo Tipo de ítem Koha
        Biblioteca del Ateneo de Madrid Biblioteca del Ateneo de Madrid Depósito 2 24/03/2011     E-14707 1186375 23/02/2023 23/02/2023 Libro impreso